El Hijo Pródigo : 1943-1946 : octubre-diciembre de 1943, enero-marzo de 1944 /
Revista literaria editada en la ciudad de México de abril de 1943 a 1946. Fundada y financiada por el escritor mexicano Octavio G. Barreda (1897-1964), que además editó Letras de México de 1937 a 1947 y fundó otras revistas. Tuvo como miembros de su redacción a Xavier Villaurrutia, Octavio Paz, Alí...
Uloženo v:
| Další autoři: | |
|---|---|
| Médium: | Kniha |
| Jazyk: | španělština |
| Vydáno: |
México :
Fondo de Cultura Económica,
1983, c1983
|
| Edice: | (Revistas Literarias Mexicanas Modernas)
|
| Témata: | |
| Tagy: |
Žádné tagy, Buďte první, kdo vytvoří štítek k tomuto záznamu!
|
MARC
| LEADER | 00000nam^a2200000^a^4500 | ||
|---|---|---|---|
| 001 | 000154386 | ||
| 005 | 20251125000000.0 | ||
| 009 | 20260310100351.243 | ||
| 020 | |a 968-16-1409-7 | ||
| 020 | |a 968-16-1407-0 | ||
| 037 | |a Acervo ITESO - Biblioteca | ||
| 041 | |a ESP | ||
| 082 | |a 805. |b REV HIJ 1943-1944 V. 7-12 | ||
| 240 | 1 | 1 | |a [Revistas Literarias Mexicanas Modernas] |
| 240 | 1 | 4 | |a [El Hijo Pródigo] |
| 245 | 0 | 3 | |a El Hijo Pródigo : |b 1943-1946 : octubre-diciembre de 1943, enero-marzo de 1944 / |c Ed. de O.G. Barreda. |
| 264 | 4 | |a México : |b Fondo de Cultura Económica, |c 1983, c1983 | |
| 300 | |a 579 p. | ||
| 336 | |a texto |b txt |2 rdacontenido | ||
| 337 | |a sin mediación |b n |2 rdamedio | ||
| 338 | |a volumen |b nc |2 rdasoporte | ||
| 440 | 1 | |a (Revistas Literarias Mexicanas Modernas) | |
| 520 | |a Revista literaria editada en la ciudad de México de abril de 1943 a 1946. Fundada y financiada por el escritor mexicano Octavio G. Barreda (1897-1964), que además editó Letras de México de 1937 a 1947 y fundó otras revistas. Tuvo como miembros de su redacción a Xavier Villaurrutia, Octavio Paz, Alí Chumacero, Celestino Gorostiza, Gilberto Owen, Rafael Solana y Leopoldo Zea, entre otros. Algunos de sus colaboradores fueron los escritores mexicanos: Alfonso Reyes, Antonio Castro Leal, Carlos Pellicer, Efraín Huerta, Rodolfo Usigli, Agustín Yáñez, José Revueltas y Francisco Rojas González. | ||
| 534 | |a Reproducción facsimilar de la edición original | ||
| 649 | |a XX | ||
| 650 | |a Literatura - |x Publicaciones Periódicas Mexicanas - |x Tema Principal | ||
| 650 | |a Filósofos Españoles | ||
| 650 | |a Escritores Mexicanos | ||
| 650 | |a Pintores Jaliscienses | ||
| 650 | |a Pintores Mexicanos | ||
| 650 | |a Poesía Jalisciense | ||
| 650 | |a Poesía Mexicana | ||
| 650 | |a Poesía Francesa | ||
| 650 | |a Teatro Mexicano | ||
| 650 | |a Cartas Francesas | ||
| 650 | |a Acuarela - |z México | ||
| 650 | |a Retrato (Pintura) - |z México | ||
| 650 | |a Modernismo (Literatura) - |z España | ||
| 650 | |a Dibujo - |z México | ||
| 650 | |a Desnudo en el Arte | ||
| 650 | |a Cuerpo Humano en el Arte | ||
| 650 | |a Pintura Virreinal - |z México | ||
| 650 | |a Pintura Barroca - |z México | ||
| 650 | |a Pintura Mexicana - |y Siglo XVIII | ||
| 650 | |a Pintura Mural - |z Guadalajara, Jalisco | ||
| 650 | |a Pintura Mexicana - |x Historia y Crítica | ||
| 650 | |a Arte Religioso | ||
| 650 | |a Arte Virreinal - |z México | ||
| 650 | |a Arte Jalisciense - |x Historia y Crítica | ||
| 650 | |a Arte Mexicano - |x Historia y Crítica | ||
| 650 | |a Arte Moderno - |x Historia y Crítica | ||
| 650 | |a Arte - |x Historia y Crítica | ||
| 650 | |a Literatura Mexicana - |x Historia y Crítica | ||
| 650 | |a Literatura Española - |x Historia y Crítica | ||
| 650 | |a Literatura Francesa - |x Historia y Crítica | ||
| 650 | |a Literatura Rusa - |x Historia y Crítica | ||
| 650 | |a Literatura - |x Teoría | ||
| 650 | |a Literatura Jalisciense - |y Siglo XX | ||
| 650 | |a Literatura Mexicana - |y Siglo XX | ||
| 650 | |a Libros - |x Reseñas | ||
| 650 | |a Filosofía - |z España | ||
| 650 | |a Filosofía Griega - |x Historia y Crítica | ||
| 650 | |a Filosofía del Siglo XX | ||
| 650 | |a López Velarde, Ramón | ||
| 650 | |a Solana, Rafael | ||
| 650 | |a Cuesta, Jorge | ||
| 650 | |a Mallarmé, Stéphane | ||
| 650 | |a Cervantes Saavedra, Miguel de | ||
| 650 | |a Tolstoi, León | ||
| 650 | |a Gide, André | ||
| 650 | |a Ortega y Gasset, José | ||
| 650 | |a Orozco, José Clemente | ||
| 650 | |a Toussaint, Manuel | ||
| 650 | |a Orozco, José Clemente | ||
| 650 | |a Publicaciones Periódicas Mexicanas | ||
| 700 | |a Barreda, Octavio G. |e (edición) | ||
| 910 | |a Fondo General | ||
| 920 | |a Impresos - Libros | ||
| 930 | |a Colección General | ||
| 940 | |a Literatura | ||
| 905 | |a 101 | ||
| 901 | |a 0500085773 |b IT1 |c LIT |u 20250521 | ||
| 902 | |a https://opac.biblio.iteso.mx/vufind/Record/000154386 | ||